Movies Quiz

Random Movies or Clickable Quiz
Score 0/24 Timer 10:00
0 Plays Today
% Correct
Breasts? Not until Trading Places in 1983.
90.8%
Never say 'who's there?' Don't you watch scary movies? It's a death wish.
89.1%
All I know is that in the third one, all bets are off.
88.4%
I guess now it would be Twitter, that'd make more sense.
88.4%
Well, what are we waiting for? Let's go over there before they pry him down!
87.9%
Ever since those nude pictures on the internet.
86.9%
Not in my movie.
86.8%
Showgirls. Absolutely frightening. What's yours?
86.5%
I'd let the geek get the girl.
85.8%
I'll smile when I catch the killer.
85.4%
They'll never make it in time.
85.1%
What's the point? They're all the same.
84.7%
% Correct
I know you do - I'm right outside her bathroom door.
82.4%
I probably should be. I never thought I'd be so happy to be a virgin.
80.9%
Hmm, that would explain my constant headaches.
78.4%
Ghosts are tough. You can't shoot ghosts.
77%
Oh that was me. I have powers!
74.4%
You'd love that, wouldn't you?
71.7%
That was an ice pick. Not exactly the same thing.
67%
Making your art as immortal as you.
66.3%
You're a psychotic.
66.1%
No match for ninja, baby!
58.2%
I think I have just enough time to slice someone open!
57.9%
You'll slip. They always do.
51.4%
Remove Ads.
Support Sporcle.
Get the best of Sporcle when you Go Orange. This ad-free experience offers more features, more stats, and more fun while also helping to support Sporcle. Thank you for becoming a member.

You're not logged in!

Compare scores with friends on all Sporcle quizzes.
OR
Log In

Show Comments

Extras

Top Quizzes Today


Score Distribution

Your Account Isn't Verified!

In order to create a playlist on Sporcle, you need to verify the email address you used during registration. Go to your Sporcle Settings to finish the process.

Report this User

Report this user for behavior that violates our Community Guidelines.

Details: